000 00922nam a2200253Ia 4500
003 OSt
005 20221005112929.0
006 a|||||r|||| 00| 0
007 ta
008 221004b |||||||| |||| 00| 0 pan d
020 _a9788175992368 (hbk)
_c250
024 _a116975
037 _b569, 02/02/2012, H.K. Prakashan
_cTextual
040 _aCRL
_cCRL
_bpan
041 _2pan
_apan
082 _aQ8441v, 153Q1
100 _aਰਵਿੰਦਰ ਸਿੰਘ ਰਵੀ, ਥਦ।
_9624456
245 0 _aਸੰਖੇਪ ਇਤਿਹਾਸ ॥ਾਨਦਾਨ ਭਾਈ ਸਾਹਿਬ ਰਈਸ ਬਾਗੜੀਆਂ
260 _aਦਿੱਲੀ
_bਨਵਯੁਗ ਭਾਰਤ
_c2011
300 _a181ਪੰ
_ccm.
650 _aਧਰਮ
942 _hQ8441v, 153Q1
_cTEXL
_2cc
999 _c1026462
_d1026462